PR di Malaysia / (Record no. 3635)

000 -LEADER
fixed length control field nam a22 a 4500
003 - CONTROL NUMBER IDENTIFIER
control field AKMAL
005 - DATE AND TIME OF LATEST TRANSACTION
control field 20170523125829.0
008 - FIXED-LENGTH DATA ELEMENTS--GENERAL INFORMATION
fixed length control field 170523s1985 my 00 may d
020 ## - INTERNATIONAL STANDARD BOOK NUMBER
International Standard Book Number 9679840123 (kkt.):
Terms of availability RM 6.00
040 ## - CATALOGING SOURCE
Original cataloging agency AKMAL
Transcribing agency AKMAL
082 04 - DEWEY DECIMAL CLASSIFICATION NUMBER
Classification number 658.2 ADN
090 ## - LOCALLY ASSIGNED LC-TYPE CALL NUMBER (OCLC); LOCAL CALL NUMBER (RLIN)
Classification number (OCLC) (R) ; Classification number, CALL (RLIN) (NR) 659.2
Local cutter number (OCLC) ; Book number/undivided call number, CALL (RLIN) ADN
100 0# - MAIN ENTRY--PERSONAL NAME
Personal name Hamdan Adnan
9 (RLIN) 7192
245 10 - TITLE STATEMENT
Title PR di Malaysia /
Statement of responsibility, etc. Hamdan Adnan
260 ## - PUBLICATION, DISTRIBUTION, ETC.
Place of publication, distribution, etc. Kuala Lumpur :
Name of publisher, distributor, etc. Nurin Enterprise,
Date of publication, distribution, etc. 1985
300 ## - PHYSICAL DESCRIPTION
Extent viii, 180ms. :
Other physical details il. ;
Dimensions 21cm
504 ## - BIBLIOGRAPHY, ETC. NOTE
Bibliography, etc. note Bibliografi: ms.179-180
650 ## - SUBJECT ADDED ENTRY--TOPICAL TERM
Topical term or geographic name entry element Public relations
Geographic subdivision Malaysia
9 (RLIN) 7193
942 ## - ADDED ENTRY ELEMENTS (KOHA)
Source of classification or shelving scheme
Koha item type Book
Holdings
Withdrawn status Lost status Source of classification or shelving scheme Damaged status Not for loan Collection code Home library Current library Shelving location Date acquired Inventory number Total Checkouts Full call number Barcode Date last seen Price effective from Koha item type
          NON-FICTION AKMAL Melaka AKMAL Melaka PINJAMAN 23.05.2017 600162   658.2 ADN 201704776 23.05.2017 23.05.2017 Book
          NON-FICTION AKMAL Melaka AKMAL Melaka PINJAMAN 23.05.2017 600162   658.2 ADN 201704775 23.05.2017 23.05.2017 Book
Pusat Sumber Maklumat Dato' Haji Sarmin Md Hussin, Akademi Kastam Diraja Malaysia, Melaka
Tel: 06-2331106 | Faks: 06-2313787